01107cam a2200265 a 450000100100000000500170001000800410002704000250006808200210009310000370011424501080015126000640025930000270032350000640035050400410041450400430045565100480049865100320054665000490057865000290062791000340065604900090069095201250069999900170082400001285020200929163103.0870820s1986 pr a b 000 0 spa  aDO-SdBNPbspacBNPHU a342.97295bM332a1 aMari Brás, Juan.d1963-92972813aLa Asamblea Constituyente :bel destranque del tranque político puertorriqueño /cJuan Mari Brás. aSan Juan, (Puerto Rico) :bInformática Caribeña,c1986. a87 p. :bil. ;c23 cm. aIncluye datos biográficos del autor en la contracubierta. aIncluye referencias bibliográficas aIncluye notas al pie de las páginas. 4aPuerto RicoxHistoria Constitucional929729 4aPuerto RicoxHistoria91079 4aAsambleas constituyenteszPuerto Rico929730 4aFormas de gobierno92772 aCatalogación por copia / LC aBNGR 001054708MOaGRbGRcCTd2009-11-17iLF1l0o342.97295 M332ap12850-10r2020-06-25w2020-06-25y4ZPréstamo en sala c12498d12498